000
00330nam a2200121 a 4500
005
20140414131952.0
008
110207s19uu xx 00 eng d
050
_a
TR 420.7
_b
G99 2005
100
_a
Guzman, Maybelle Koch
245
_a
Be your own english teacher! verbs.
260
_b
Miflores Publishing,
_c
2005.
999
_c
112821
_d
112821